000 00304nam a22001217a 4500
008 131128t xxu||||| |||| 00| 0 eng d
020 _a978-0-85404-256-2
040 _aASAB
_cASAB
100 _aMichael L Sinnott
_9327
245 _aCarbohydrate Chemistry and Biochemistry
300 _a340
942 _2ddc
_cBK
999 _c16593
_d16593